Narodowy Bank Polski - centrální banka Polské republiky

Historický pohľad na ekonomiku a bankový systém Poľska. Vývoj centrálnej banky Naradowy Bank Polski, ktorá bola založená v roku 1945.

Enregistré dans:
Détails bibliographiques
Auteur principal: Kalabis, Zbyněk
Format: Chapitre de livre
Langue:tchèque
Sujets:
Tags: Ajouter un tag
Pas de tags, Soyez le premier à ajouter un tag!

MARC

LEADER 00000naa a2200000 4500
001 0237857
005 20221104110519.5
041 0 |a cze 
044 |a CZ 
245 1 0 |a Narodowy Bank Polski - centrální banka Polské republiky  |c Zbyněk Kalabis 
520 |a Historický pohľad na ekonomiku a bankový systém Poľska. Vývoj centrálnej banky Naradowy Bank Polski, ktorá bola založená v roku 1945. 
610 2 0 |a Poľsko 
610 2 0 |a banky centrálne 
610 2 0 |a história 
100 1 |a Kalabis, Zbyněk